00580nam a22001697a 450000500170000001000150001702000260003203500140005803700090007208200120008110000240009324500960011725000060021326000580021927001130027730000200039020260703121159.0 aENG-148983 c600.00a9789385640834 aEN-132515 bDBAD a332.644 aJariwala, Harsha V. aFinancial Literacy and Investment Decision:bA Case of India Investors/cHarsha V. Jariwala a1 bArchers & Elevators Publishing HouseaBangalorec2016 a131 AGB Lay Out, 6"Cross, Hesaraghatta,Main RoadbBangaloree560090k9164362263marcherselevators@gamail.com a283p.c24cm(pb)